000 00221nam a2200097Ia 4500
005 20251222120157.0
008 251222s1900||||xx |||||||||||||| ||spa||
082 _aDVD0070/A19
245 0 _aEl erizo:Le Hérisson
942 _cDVD
999 _c2309
_d2309